000 00268nam a2200109Ia 4500
008 190913s9999||||xx |||||||||||||| ||und||
100 _aLoney, Koch
245 0 _aOracle9i: The Complete Reference
260 _aindia
_bMicrosoft Press
_c1998
300 _a716
942 _cBK
999 _c8054
_d8054